[Event "Sigeman & Co 13th"]
[Site "Malmo/Copenhagen"]
[Date "2005.04.16"]
[Round "2"]
[White "Hansen, Curt"]
[Black "Timman, Jan H"]
[Result "1/2-1/2"]
[WhiteElo "2633"]
[BlackElo "2607"]
[PlyCount "66"]
[EventDate "2005.04.15"]
[EventType "tourn"]
[EventRounds "9"]
[EventCountry "SWE"]
[EventCategory "13"]
[SourceTitle "CBM 107"]
[Source "ChessBase"]
[SourceDate "2005.08.01"]
[SourceVersion "1"]
[SourceVersionDate "2005.08.01"]
[SourceQuality "1"]

1. d4 Nf6 2. c4 e6 3. g3 Bb4+ 4. Bd2 c5 5. Bxb4 cxb4 6. Bg2 0-0 7. Nf3 d6 8. 0-0 Nc6 9. a3 bxa3 10. Rxa3 e5 11. Nc3 Bg4 12. Qd2 Bxf3 13. Bxf3 Nxd4 14. Bxb7 Rb8 15. Bg2 Nb3 16. Qc2 Nd4 17. Qd2 Nb3 18. Qd1 Nc5 19. Nb5 a6 20. Qxd6 axb5 21. Qxc5 bxc4 22. Qxe5 Re8 23. Qc3 Rxe2 24. Qxc4 Rexb2 25. Ra7 Qf8 26. Rd1 R2b4 27. Qc7 Rc8 28. Qa5 Rbb8 29. Qa2 Qe8 30. Bf3 Rd8 31. Rxd8 Rxd8 32. Kg2 h6 33. h4 Qe6 1/2-1/2

[Event "DEN-ch KO"]
[Site "Koge"]
[Date "2005.03.23"]
[Round "2.2"]
[White "Aagaard, Jacob"]
[Black "Hansen, Curt"]
[Result "1/2-1/2"]
[WhiteElo "2449"]
[BlackElo "2633"]
[PlyCount "61"]
[EventDate "2005.03.20"]
[EventType "k.o."]
[EventRounds "4"]
[EventCountry "DEN"]
[SourceTitle "CBM 105 Extra"]
[Source "ChessBase"]
[SourceDate "2005.05.01"]
[SourceVersion "1"]
[SourceVersionDate "2005.05.01"]
[SourceQuality "1"]

1. e4 e5 2. Nf3 Nc6 3. Bb5 Nf6 4. 0-0 Nxe4 5. d4 Nd6 6. Bxc6 dxc6 7. dxe5 Nf5 8. Qxd8+ Kxd8 9. Nc3 Ne7 10. b3 Ng6 11. Bb2 Bd7 12. Rad1 Kc8 13. h3 h6 14. Ne2 a5 15. a4 b6 16. Nd2 h5 17. Ne4 h4 18. Ng5 Be7 19. f4 Rf8 20. Nf3 c5 21. Rxd7 Kxd7 22. f5 Nh8 23. Nf4 Kc6 24. e6 fxe6 25. Ne5+ Kb7 26. Nxe6 Rg8 27. Ng4 Nf7 28. Re1 Bf8 29. Kf2 Nd6 30. Re5 Re8 31. f6 1/2-1/2